000
00314 a2200121 4500
000
nam a22 7a 4500
005
20260507152729.0
020
_a
9789393232588
100
_a
Upadhyay, Karunasankar
_9
1238787
245
_a
Operation Sindoor anjane sandarbh
260
_b
Samayik Prakashan
_c
2024
942
_c
TEXL
999
_c
1851118
_d
1851118